| 000 | 00581nam a2200193Ia 4500 | ||
|---|---|---|---|
| 003 | GCL | ||
| 008 | 140319s9999 xx 000 0 ara d | ||
| 040 |
_aGCL / _cGCL |
||
| 082 | 0 | 4 |
_a595.44 _bص ع |
| 100 | 1 | _aصنع الله ابراهيم | |
| 245 | 1 | 0 |
_aعندما جلست العنكبوت تنتظر / _cصنع الله ابراهيم |
| 300 | _a88 ص | ||
| 490 |
_aمكتبة الروايات العلمية _v0 |
||
| 650 | 0 | 4 | _aالحشرات |
| 650 | 0 | 4 | _aالعناكب |
| 650 | 0 | 4 | _aبيت العناكب |
| 650 | 0 | 4 | _aالعناكب, حفريات |
| 942 |
_2ddc _cBK |
||
| 999 |
_c38212 _d38212 |
||